000 00875nam a2200253Ia 4500
003 OSt
005 20221005112430.0
006 a|||||r|||| 00| 0
007 ta
008 221004b |||||||| |||| 00| 0 pan d
020 _a9789351131793 (hbk)
_c250
024 _a15099
037 _b896, 08/09/2014, H.K. Prakashan
_cTextual
040 _aCRL
_cCRL
_bpan
041 _2pan
_apan
082 _aV2:51xN07, 153Q3
100 _aਸਿੱਕਲੇਅਰ, ਅਪਟਨ, ਥਦ.
245 0 _aਇਨਸਾਫ ਦੀ ਦੁਹਾਈ
260 _aਚੰਡੀਗੜ
_bਯੂਨੀਸਟਾਰ ਭਾਰਤ
_c2013
300 _a431ਪੰ
_ccm.
650 _aਪੰਜਾਬੀ ਸਾਹਿਤ
942 _hV2:51xN07, 153Q3
_cTEXL
_2cc
999 _c1024874
_d1024874